| 000 | 00379nam a2200145 a 4500 | ||
|---|---|---|---|
| 001 | 5822 | ||
| 003 | CDMR | ||
| 005 | 20130619100843.0 | ||
| 008 | 130130s ||||||||||||||||||||||||||||d | ||
| 040 |
_aCDMR _bcat _cCDMR |
||
| 245 | 0 | 4 | _aLes imatges i missatges del Sud |
| 260 |
_aBarcelona _bCol.legi de Periodistes de Catalunya _c[s.d.] |
||
| 650 | 0 | 4 |
_93832 _aNord i Sud |
| 942 |
_cMON _2udc |
||
| 999 |
_c5822 _d5822 |
||